000
00337nam a2200133Ia 4500
999
_c
6766
_d
6766
003
OSt
008
191201s2012 xx 000 0 und d
100
_a
TEITELBAUM, Michael
245
0
_a
Martin Luther King JR Let Freedom Ring
260
_b
KALYANI MEDIA PVT. LTD.
_c
2012
300
_a
85
650
_a
General Books
942
_2
ddc
_c
BK